El Calculo infinitesimal : Origen-polemica / (Record no. 30886)

MARC details
000 -LEADER
fixed length control field 00667nam a22002057a 4500
005 - DATE AND TIME OF LATEST TRANSACTION
control field 20150124123422.0
008 - FIXED-LENGTH DATA ELEMENTS--GENERAL INFORMATION
fixed length control field 120426t mx||||| |||| 00| 0 spa d
020 ## - INTERNATIONAL STANDARD BOOK NUMBER
International Standard Book Number 9686009078
050 04 - LIBRARY OF CONGRESS CALL NUMBER
Classification number QA3O3.5.I54
Item number L45 1978
100 1# - MAIN ENTRY--PERSONAL NAME
Personal name leibniz, Gotifredo Guillermo
245 10 - TITLE STATEMENT
Title El Calculo infinitesimal : Origen-polemica /
Statement of responsibility, etc Gotifredo Guillermo Leibniz, Isaac Newton ; Int. José Babini.
250 ## - EDITION STATEMENT
Edition statement 1a ed.
260 ## - PUBLICATION, DISTRIBUTION, ETC. (IMPRINT)
Place of publication, distribution, etc Morelia, Mexico :
Name of publisher, distributor, etc Balsal,
Date of publication, distribution, etc 1978
300 ## - PHYSICAL DESCRIPTION
Extent 200 p. :
Other physical details ìl. ;
Dimensions 17 cm.
504 ## - BIBLIOGRAPHY, ETC. NOTE
Bibliography, etc Incluye ìndice
650 #7 - SUBJECT ADDED ENTRY--TOPICAL TERM
Source of heading or term Lemb
Topical term or geographic name as entry element Calculo infinitesimal
700 1# - ADDED ENTRY--PERSONAL NAME
Personal name Newton, Isaac,
Relator term coaut.
700 1# - ADDED ENTRY--PERSONAL NAME
Personal name Babini, José,
Relator term colab.
942 ## - ADDED ENTRY ELEMENTS (KOHA)
Source of classification or shelving scheme Clasificación Decimal Dewey
Koha item type Libro
Holdings
Estado de pérdida Fuente de clasificación Estado del daño No para préstamo Ubicación permanente Ubicación actual Apartado o colección Fecha de adquisición Fuente de adquisición Clasificación Código de Barras Date last seen Número de copia Tipo de recurso Nota pública Edición Área del conocimiento Total Checkouts Costo por reposición
  Biblioteca del Cogreso de los Estados Unidos     Biblioteca de la Facultad de Físico Matemáticas Biblioteca de la Facultad de Físico Matemáticas General 26/04/2012   QA303.5.I54 L45 1978 C:1 FFM000000159 16/01/2015 C:1 Libro Solo para Lectura        
  Biblioteca del Cogreso de los Estados Unidos     Biblioteca de la Preparatoria Melchor Ocampo Biblioteca de la Preparatoria Melchor Ocampo General 21/08/2023   QA303 L4 1978 PMO000000831 21/08/2023 C: 1 Libro   1a. ed. Ciencias Naturales y Exactas   1.00